000 00327nam a2200157 4500
001 43721
090 _a43721
100 _a20241018 pory50
101 _apor
102 _aPT
200 _aAtlas infantil O Mundo
210 _a[S.l.]
_cDinalivro
_d[S.d.]
215 _a31 p.
675 _a912
801 _aPT
_gRPC
990 _cLIVROS